| 000 | 03490nam0a2200373 4500 | ||
|---|---|---|---|
| 001 | RU\NLR\BIBL_A\016221751 | ||
| 005 | 20230201095416.0 | ||
| 010 |
_a978-5-6048282-5-0 _950 |
||
| 021 |
_aRU _bКН-П-22-074955 _9КН-П-22-6535 |
||
| 035 | _a(NLR Aleph) 016221751 | ||
| 035 | _a(RuMoRGB)011315888 | ||
| 090 |
_a12740337 _c12740337 |
||
| 100 | _a20221129d2022 u y0rusy50 ca | ||
| 101 | 0 | _arus | |
| 102 | _aRU | ||
| 105 | _aa z 000zy | ||
| 181 | 1 |
_ai _b e |
|
| 182 | 1 | _an | |
| 200 | 1 |
_aИздательская деятельность как фактор повышения профессиональной компетенции студентов на примере выпуска книг _eпредмет "Основы издательского дела" _eпериод с 2012 по 2022 годы _fОвчинникова Тамара Валентиновна _gСеверный (Арктический) федеральный университет имени М. В. Ломоносова, Высшая школа социально-гуманитарных наук и международной коммуникации, Кафедра журналистики, рекламы и связей с общественностью, Добровольное культурно-просветительское общество "Норд" |
|
| 203 |
_aТекст _bвизуальный _cнепосредственный |
||
| 210 |
_aАрхангельск _cЛоция _d2022 |
||
| 215 |
_a23 с. _cцв. ил. _d21 |
||
| 330 | _aНа кафедре журналистики, рекламы и связей с общественностью Высшей школы социально-гуманитарных наук и международной коммуникации (ВШСГНиМК) Северного (Арктического) федерального университета имени М. В. Ломоносова старшим преподавателем Тамарой Валентиновной Овчинниковой (член Союза журналистов РФ, главный редактор издательства "Лоция") разработан курс "Основы книгоиздательского дела". После теоретического курса на практике студенты выпускают книжные печатные издания, выступая и как журналисты-авторы, и как издатели. За 10-летний период с 2012 по 2022 годы выпущено 10 книжных изданий, в т.ч. серия печатных изданий "Очерки о людях, внесших значительный вклад в историю и развитие Архангельской области" в соответствии со всеми издательскими стандартами | ||
| 333 | _a16+ | ||
| 606 | 1 |
_aИздательское дело _xТеория и практика _92095008 _3RU\NLR\AUTH\661267669 |
|
| 606 | 1 |
_aИздательское дело _xПреподавание _xВысшая школа _92538853 _3RU\NLR\AUTH\6601716787 |
|
| 675 |
_a378.016:655.1/.4 _v4 |
||
| 686 | 1 | _aЧ617.1 | |
| 686 | 1 | _aЧ488.757.36 | |
| 700 | 1 |
_aОвчинникова _bТ. В. _gТамара Валентиновна |
|
| 942 | _cBOOK | ||
| 980 | _aNB | ||